000 00279nam a22001217a 4500
999 _c12689
_d12689
020 _a9780525568971
082 _a378
100 _aThe Princeton Review
245 _aSAT Subject Test Literature Prep
250 _a17th
260 _aUSA
_bPenguin Random House
_c2019
942 _cBK